Science Quiz

Random Science or Geology Quiz
Score 0/15 Timer 06:00
5 Plays Today
Question A, B, or C % Correct
πŸŒ‹ Volcanoes are present where?
A) Only on Hawaii B) Only on Earth C) On many planetary objects
???
91.8%
πŸŒ‹ The ancient town of Pompeii was destroyed and buried under ash by which volcano?
A) Mount Fuji B) Mount Vesuvius C) Mount Erebus
???
85.6%
πŸŒ‹ More than 75% of Earth's active or dormant volcanoes are located where?
A) Ring of Fire B) Italy C) Himalayan Magmatic Plate
???
83.7%
πŸŒ‹ Which of these islands is volcanic?
A) Iceland B) Malta C) Cyprus
???
79.1%
πŸŒ‹ Molten rock expelled by a volcano during an eruption is called what?
A) Magma B) Ignis C) Lava
???
72.2%
πŸŒ‹πŸŒ‹πŸŒ‹ What is a depression formed by the collapse of a volcano known as?
A) Caldera B) Fissure C) Graben
???
65.7%
πŸŒ‹πŸŒ‹πŸŒ‹ The 1815 eruption of Mount Tambora led to devastating global climate anomalies known as what?
A) Great Famine B) Year Without a Summer C) Millennium Drought
???
65.1%
πŸŒ‹πŸŒ‹ The largest active volcano on Earth, Mauna Loa, is what volcano type?
A) Pike volcano B) Shield volcano C) Sword volcano
???
59%
Question A, B, or C % Correct
πŸŒ‹πŸŒ‹ Which of these is located the lowest in a volcano's structure?
A) Magma chamber B) Base C) Bedrock
???
52.3%
πŸŒ‹πŸŒ‹ In 1963, an eruption formed a new island, Surtsey, near which country?
A) United States B) Iceland C) Ireland
???
49.9%
πŸŒ‹πŸŒ‹ Which of these is not a type of volcano?
A) Composite volcano B) Cinder cone C) Phreatic dome
???
49.9%
πŸŒ‹πŸŒ‹πŸŒ‹ Which of these Hawaiian words is not a type of lava by its texture?
A) ʻAʻa B) Pāhoehoe C) Kīlauea
???
47.1%
πŸŒ‹πŸŒ‹πŸŒ‹ What is the range of the Volcanic Explosivity Index scale?
A) 0-5 B) 0-6 C) 0-8
???
42.1%
πŸŒ‹πŸŒ‹πŸŒ‹ Which of these is not a type of lava by silica percentage?
A) Felsic B) Dacitic C) Mafic
???
32.5%
πŸŒ‹πŸŒ‹ What is the most abundant volcanic gas?
A) Water vapor B) Carbon dioxide C) Sulfur dioxide
???
20.8%

You're not logged in!

Compare scores with friends on all Sporcle quizzes.
OR
Log In

Sporcle TV

Today on Sporcle TV


Watch our educational content, quiz creation guides, and fun videos on Sporcle TV.

Show Comments

Extras

Top Quizzes Today


Score Distribution

Your Account Isn't Verified!

In order to create a playlist on Sporcle, you need to verify the email address you used during registration. Go to your Sporcle Settings to finish the process.

Report this User

Report this user for behavior that violates our Community Guidelines.

Details: